| 000 | 00892nam a2200289Ia 4500 | ||
|---|---|---|---|
| 003 | OSt | ||
| 005 | 20220912145342.0 | ||
| 006 | a|||||r|||| 00| 0 | ||
| 007 | ta | ||
| 008 | 220909b |||||||| |||| 00| 0 eng d | ||
| 020 | _a0817643931 (hbd) | ||
| 024 | _a80982 | ||
| 037 | _b42, 04/07/2008, Ashutosh Technical Books | ||
| 037 | _cTextbook | ||
| 040 |
_aCSL _beng _cCSL |
||
| 041 | _aeng | ||
| 082 | _aB334,1, P7;1 | ||
| 100 | _aMyint-U Tyn | ||
| 245 | 0 | _aLinear partial differential equations for scientists and engineers | |
| 250 | _a4 | ||
| 260 |
_aBoston _bBirkhausers _c2007 |
||
| 300 |
_axxii,778p. _ccm. |
||
| 500 | _aAppendix 749-759p; Bibliography 761-770p; Index 771-778p | ||
| 700 | _a Debnath Lokenath | ||
| 942 |
_hB334,1, P7;1 _cTB _2CC |
||
| 999 |
_c29660 _d29660 |
||